1289 1659 1503 1512 1663 1842 1910 1378 1174 1271 1012 1563 1302 1576 1677 1760 1284 1765 1288 1171 1711 1553 1690 1463 1092 1788 1735 1111 1349 1702 1898 1993 1881 1968 1034 1120 1151 1366 1605 1705 1565 1804 1844 1335 1603 1220 1499 1681 1971 1549 1788 1751 1343 1779 1947 1647 1977 1810 1365 1014 1183 1468 1448 1061 1799 1424 1279 1525 1291 1572 1788 1749 1669 1586 1705 1002 1836 1569 1620 1702 1240 1004 1301 1142 1833 1831 1933 1384 1138 1636 1571 1730 1108 1690 1930 1147 1518 1690 1680 BCNSPRNW ULIB Ver.6.0+V

เปลี่ยนเป็นภาษาไทย

Change to English
 แสดงรายละเอียดบรรณานุกรม
  กลับหน้าหลัก

Brief Record : Get Marc (ISO 2709) : E-mail record : QR code < ปิดหน้าต่าง
LEADER : 00000nam 2200000uu 4500
001    13399113486
003     ULIB
008    111121s2552||||th 000 0 tha d
020    ^a9789744752246
090    ^aนว.^bด111ง 2552
100 0  ^aคริสติน่า ดอดด์
245 00 ^aเงาใจใต้เงาจันทร์/^cคริสติน่า ดอดด์
250    ^aพิมพ์ครั้งที่ 1
260    ^aกรุงเทพฯ :^bแพรวสำนักพิมพ์,^c2552
300    ^a326 หน้า
710 1  ^aแพรวสำนักพิมพ์
945    ^p225^l0^i15820
995    ^aกัณชพร
999    ^aใช้งานได้ทุกระบบ
รายการนี้ยังไม่มีแท็ก
คุณยังไม่ได้ล็อกอิน คุณสามารถมีกิจกรรมร่วมกับเว็บไซต์ได้ แต่ต้องล็อกอินก่อน ::
  ล็อกอิน

รายการสื่อสารสนเทศ

ลำดับที่ ประเภท เลขเรียก/บาร์โค้ด สถานที่ สถานะ
1. นวนิยาย
นวนิยาย
นว. ด111ง 2552  
  Barcode: 15820
ห้องสมุดวิทยาเขตสวรรค์ประชารักษ์
►นวนิยาย
บนชั้น
  ขอยืม

BibComment


ยังไม่เคยถูกคอมเมนท์

คอมเมนท์ทรัพยากรรายการนี้
  คอมเมนท์: เงาใจใต้เงาจันทร..


 Copyright 2026. Bcnsprnw @Library